[Event "UZB-ch Women 2019"]
[Site "Tashkent"]
[Date "2019.05.11"]
[Round "8.5"]
[White "Baymuratova, Sevara"]
[Black "Orazmukhammedova, Makhim"]
[Result "1-0"]
[WhiteElo "2119"]
[BlackElo "1928"]
[Annotator "TA"]
[PlyCount "91"]
[EventDate "2019.05.04"]
[EventType "tourn"]
[EventCountry "UZB"]
[SourceTitle "playchess.com"]
[Source "ChessBase"]
[SourceQuality "1"]

{[%evp 21,91,35,52,0,8,13,13,19,27,18,29,27,39,38,36,45,67,27,62,16,41,16,169,175,171,162,191,190,184,170,230,122,106,0,199,196,217,189,229,222,224,222,221,213,215,179,201,0,281,283,231,0,227,205,207,191,195,178,334,318,591,591,589,586,580,565,609,607,636,534,901,662]} 1. d4 d5 2. Nf3 Nf6 3. c4 c6 4. Nc3 e6 5. e3 Nbd7 6. Bd3 dxc4 7. Bxc4 b5 8. Bd3 Bb7 9. O-O Be7 10. e4 b4 11. Na4 O-O 12. Qe2 {D47: Semi-Slav: Meran System} (12. Qc2 $14) (12. e5 Nd5 13. Qc2 g6 14. Bh6 Re8 15. Rfc1 Rc8 16. Nc5 Nxc5 17. dxc5 Qc7 18. h4 Bf8 19. Qd2 Rcd8 20. Bxf8 Rxf8 {1-0 (30) Sumets,A (2577)-Schiendorfer,E (2392) Zug 2013}) 12... c5 13. e5 Nd5 14. Nxc5 {The position is equal.} Nxc5 15. dxc5 Rc8 {[#]} 16. Qe4 $1 {[%csl Gd3][%cal Re4h7]} g6 17. Bh6 $40 {[%mdl 128] Black needs to defend precisely.} Re8 18. Bb5 $146 ({Predecessor:} 18. Rac1 Qa5 19. Bb1 Rxc5 20. Rxc5 Qxc5 {0-1 (32) Kollar,F-O'Donnell,T (2410) Winnipeg 1994}) 18... Bc6 $1 {[%cal Rc6b5]} 19. Ba6 Rc7 20. Nd4 Qa8 21. Qe2 Bxc5 $2 (21... Rd8 $11) 22. Nxc6 $18 Rxc6 23. Bb5 {[%mdl 64] Skewer} Rcc8 24. Bxe8 Rxe8 25. Rac1 Bb6 (25... Bf8 {keeps fighting.}) 26. Qb5 (26. Rc4 $18) 26... Qb8 $16 27. Qe2 (27. Kh1 $16) 27... Bc7 $2 (27... Qa8 $1 $11 {and Black stays safe.}) 28. Rfe1 $18 Rd8 29. h3 a5 30. Rc5 Bb6 31. Rc4 Bc7 32. Bg5 Re8 33. Rh4 Rc8 34. Rc4 $2 (34. Rd4 $18) 34... Nb6 $2 {[%mdl 8192]} (34... Re8 $1 $11) 35. Rc6 Nd5 36. Rc4 $2 (36. Rec1 $18) 36... Nb6 $2 (36... Re8 $11 {and Black has nothing to worry.}) 37. Rd4 {Strongly threatening Bf6.} Nd5 38. Bf6 Bb6 39. Rc4 Bc7 $2 (39... Rxc4 40. Qxc4 Nxf6) 40. Rec1 {Threatens to win with Qd2.} Re8 $2 {[#]} (40... h5 41. Qc2 Kh7) 41. Rxc7 $1 {[%mdl 512] White is clearly winning.} Nxc7 (41... Qxc7 42. Rxc7) 42. Qd2 {Threatening mate with Qh6.} Rc8 43. Qd7 h5 44. Be7 b3 45. a3 Qa8 46. Bd6 {Accuracy: White = 60%, Black = 31%.} 1-0

[Event "UZB-ch Women 2019"]
[Site "Tashkent"]
[Date "2019.05.12"]
[Round "9.1"]
[White "Orazmukhammedova, Makhim"]
[Black "Yakubbaeva, Nilufar"]
[Result "0-1"]
[WhiteElo "1928"]
[BlackElo "2134"]
[Annotator "TA"]
[PlyCount "54"]
[EventDate "2019.05.04"]
[EventType "tourn"]
[EventCountry "UZB"]
[SourceTitle "playchess.com"]
[Source "ChessBase"]
[SourceQuality "1"]

{[%evp 15,54,10,29,0,0,0,12,-3,-2,-17,-19,-24,-37,-19,-18,-20,-13,-11,-22,-17,-9,-18,-11,-43,-54,-51,-48,-48,-48,-48,-48,-57,-47,-80,-84,-153,-156,-610,-627,-783,-775]} 1. d4 Nf6 2. Nf3 e6 3. c4 b6 4. g3 Bb7 5. Bg2 Be7 6. O-O O-O 7. Nc3 d5 8. cxd5 Nxd5 9. Bf4 {E18: Queen's Indian: Old Main Line (4 g3 Bb7 5 Bg2 Be7 6 0-0 0-0 7 Nc3)} Nxf4 (9... Nxc3 10. bxc3 Be4 11. Qc1 Nd7 12. Qe3 Nf6 13. c4 h6 14. Rad1 Qc8 15. Ne5 Bxg2 16. Kxg2 {1-0 (64) Pantsulaia,L (2589)-Pascua,H (2441) Dubai 2017}) 10. gxf4 c5 11. e3 $146 {The position is equal.} ({Predecessor:} 11. dxc5 Bxc5 12. Qc2 Nc6 13. Rfd1 Qc7 14. e3 h6 15. a3 Rfd8 16. Nb5 Qc8 17. Rxd8+ Nxd8 {0-1 (86) Reyes Capellan,E (2046)-Guzman,C (2328) Santo Domingo 2017}) 11... Na6 12. a3 Bf6 13. Qe2 Qe7 14. Rfd1 cxd4 15. Nxd4 Bxg2 16. Kxg2 Nc5 17. Qc2 Rfd8 18. Nf3 a5 19. Nb5 Qb7 20. Rxd8+ Rxd8 21. Rd1 Rxd1 22. Qxd1 Qc6 23. Nbd4 Qe4 24. b4 Nd3 $36 {[%mdl 2048] [#] Threatens to win with ...Bxd4. Keeping White busy.} 25. Qa4 ({White should try} 25. Kg1) 25... g5 $17 {...Bxd4 is the strong threat.} 26. fxg5 $2 (26. Kf1 $17) 26... Bxd4 $1 $19 27. exd4 {and the idea Qd1 leaves White hopeful.} Ne1+ {Accuracy: White = 41%, Black = 71%.} 0-1

[Event "UZB-ch Women 2019"]
[Site "Tashkent"]
[Date "2019.05.12"]
[Round "9.1"]
[White "Orazmukhammedova, Makhim"]
[Black "Yakubbaeva, Nilufar"]
[Result "*"]
[WhiteElo "1928"]
[BlackElo "2134"]
[Annotator "TA"]
[PlyCount "36"]
[EventDate "2019.05.04"]
[EventType "tourn"]
[EventCountry "UZB"]
[SourceTitle "playchess.com"]
[Source "ChessBase"]
[SourceQuality "1"]

{[%evp 15,16,27,13]} 1. d4 Nf6 2. Nf3 e6 3. c4 b6 4. g3 Bb7 5. Bg2 Be7 6. O-O O-O 7. Nc3 d5 8. cxd5 Nxd5 {Predecessor:} 9. Qc2 $146 Nd7 10. Nxd5 exd5 11. Bf4 c5 12. Rfd1 Nf6 13. dxc5 bxc5 14. Ng5 Qb6 15. Rd3 h6 16. Nf3 c4 17. Rdd1 Bc5 18. e3 Rfe8 {1-0 (72) Cori Tello,J (2602)-Campora,D (2439) Benasque 2016} *

[Event "UZB-ch Women 2019"]
[Site "Tashkent"]
[Date "2019.05.12"]
[Round "9.2"]
[White "Abdukarimova, Hilola"]
[Black "Baymuratova, Sevara"]
[Result "0-1"]
[WhiteElo "1910"]
[BlackElo "2119"]
[Annotator "TA"]
[PlyCount "90"]
[EventDate "2019.05.04"]
[EventType "tourn"]
[EventCountry "UZB"]
[SourceTitle "playchess.com"]
[Source "ChessBase"]
[SourceQuality "1"]

{[%evp 16,126,21,5,23,21,48,0,0,0,0,-9,0,7,5,-6,0,-8,-8,-23,-25,-18,-8,-8,0,-14,0,0,0,-61,-10,-19,0,-54,0,-16,-16,-14,-6,-23,-21,-22,-20,-27,-35,-100,-93,-79,-83,-96,-79,-92,-50,-54,-50,-80,-27,-108,-81,-156,-146,-176,-144,-140,-105,-133,-132,-168,-160,-152,-138,-188,-154,-178,-184,-202,-185,-286,-205,-268,-248,-465,-373,-497,-503,-1253,-1172,-5377,-5081,-965,-541,-6279,-5717,-29962,-12808,-12790,-12220,-5649,-4639,-29986,-29987,-29991,-29992,-29992,-29993,-29993,-29994,-29994,-29995,-29996,-29996,-29997,-29997]} 1. d4 Nf6 2. c4 c6 3. Nf3 d5 4. cxd5 cxd5 5. Nc3 Nc6 6. Bf4 a6 7. Ne5 Qb6 8. Nxc6 bxc6 9. Qd2 e6 {D13: Slav Defence: Exchange variation without ...Bf5} 10. e3 Bd7 (10... Qb7 11. Rc1 c5 12. Be2 Bd7 13. Be5 Rc8 14. O-O Be7 15. dxc5 Rxc5 16. Bxf6 gxf6 17. Bf3 {½-½ (25) Short,N (2685)-Dominguez Perez,L (2713) Havana 2010}) 11. Be2 $146 ({Better is} 11. Na4 $14 Qb7 12. a3) ({Predecessor:} 11. Bd3 c5 12. dxc5 Bxc5 13. O-O O-O 14. Qe2 Bc6 15. Rab1 a5 16. Bg3 Rac8 17. e4 dxe4 18. Nxe4 Nxe4 19. Bxe4 {0-1 (89) Johansen,D (2520)-Sasikiran,K (2601) Jakarta 2001}) 11... c5 $11 {The position is equal.} 12. O-O cxd4 13. exd4 Be7 14. Rac1 O-O 15. Bd3 Rfc8 16. Rfe1 g6 17. Bb1 Bf8 18. h3 Bg7 19. Be5 Ne8 20. Ne2 f6 21. Bg3 Nd6 22. Qf4 (22. Bd3 $11) 22... Nf7 (22... e5 $15 23. Qd2 Rxc1 24. Qxc1 Nf5) 23. Qd2 Nd6 24. Qf4 Nf7 (24... e5 $5 {[%cal Re5f4]} 25. Qd2 Rxc1 26. Qxc1 Rc8 $15) 25. Qd2 Bh6 26. Bf4 Bf8 27. Rxc8 Rxc8 28. Rc1 Rxc1+ 29. Qxc1 Bb5 $36 {[%mdl 2048] Black is pushing.} 30. Qd1 {[#]} (30. Bc7 $15 Qb7 31. Nf4) 30... Bxe2 $1 $17 31. Qxe2 Qxd4 32. Be3 Qa4 33. b3 Qc6 34. Bd3 a5 35. Bb5 Qc8 ({Black should play} 35... Qc3 $17) 36. Qd1 (36. Bd2 $11 {remains equal.}) 36... Bb4 37. Bd4 (37. Qd4 $142) 37... Nd6 38. Be2 Kf7 39. Bf3 Bc3 40. Be3 Nf5 41. Bf4 Qc5 42. g4 Ne7 43. Bg2 e5 44. Bg3 e4 45. h4 Ke6 {Played: Bc3-d4} 0-1

[Event "UZB-ch Women 2019"]
[Site "Tashkent"]
[Date "2019.05.12"]
[Round "9.2"]
[White "Abdukarimova, Hilola"]
[Black "Baymuratova, Sevara"]
[Result "*"]
[WhiteElo "1910"]
[BlackElo "2119"]
[Annotator "TA"]
[PlyCount "51"]
[EventDate "2019.05.04"]
[EventType "tourn"]
[EventCountry "UZB"]
[SourceTitle "playchess.com"]
[Source "ChessBase"]
[SourceQuality "1"]

{[%evp 11,12,18,14]} 1. d4 Nf6 2. c4 c6 3. Nf3 d5 4. cxd5 cxd5 5. Nc3 Nc6 6. Bf4 a6 {Predecessor:} 7. e3 $146 Bg4 8. h3 Bxf3 9. Qxf3 e6 10. Bd3 Bd6 11. O-O O-O 12. Rfc1 Bxf4 13. Qxf4 Rc8 14. Na4 Nb4 15. Bf1 Rxc1 16. Rxc1 Nxa2 17. Rc7 b5 18. Nc5 Nb4 19. Rb7 h6 20. Qe5 Qa5 21. Rb8 Rxb8 22. Qxb8+ Kh7 23. Qb7 Kg8 24. Qb8+ Kh7 25. Qb7 Kg8 26. Qb8+ {½-½ (26) Abasov,N (2627)-Artemiev,V (2736) Astana 2019} *

[Event "UZB-ch Women 2019"]
[Site "Tashkent"]
[Date "2019.05.12"]
[Round "9.3"]
[White "Khusainova, Ozoda"]
[Black "Kurbonboeva, Sarvinoz"]
[Result "1-0"]
[WhiteElo "1674"]
[BlackElo "2297"]
[Annotator "TA"]
[PlyCount "55"]
[EventDate "2019.05.04"]
[EventType "tourn"]
[EventCountry "UZB"]
[SourceTitle "playchess.com"]
[Source "ChessBase"]
[SourceQuality "1"]

{[%evp 15,99,42,41,38,141,0,0,0,54,-26,109,33,127,122,126,117,220,55,66,60,142,131,135,132,154,137,160,154,157,150,181,167,254,254,365,358,360,358,349,339,529,-270,318,334,333,333,312,317,325,329,325,324,307,216,214,201,322,282,417,390,417,415,618,356,355,331,325,308,1054,1070,1064,1029,807,820,29976,29976,29976,29977,29979,29980,29980,29980,29979,29981,29981,29979]} 1. d4 Nf6 2. c4 g6 3. Nc3 Bg7 4. e4 d6 5. Be3 O-O 6. f3 c6 7. Qd2 a6 8. O-O-O b5 9. g4 {E81: King's Indian: Sämisch: 6th move deviations (including 6 Be3 c6)} (9. cxb5 axb5 10. b3 Qa5 $15) (9. h4 h5 10. g4 Qa5 11. Kb1 e5 12. dxe5 dxe5 13. Bh6 Nbd7 14. Bxg7 Kxg7 15. g5 Ne8 16. Nh3 Nb6 17. c5 {½-½ (64) Plazuelo Pascual,J (2434)-Chigaev,M (2582) Benasque 2018}) 9... bxc4 (9... Qa5 $14) 10. Bxc4 (10. Bh6 $1 $16) 10... d5 $1 $11 {[%cal Rd5c4]} 11. exd5 {The position is equal.} Nxd5 (11... cxd5 $11 12. Bd3 e6) 12. Bh6 $146 (12. Bxd5 $14 cxd5 13. h4) ({Predecessor:} 12. Nxd5 cxd5 13. Bb3 Nc6 14. h4 Na5 15. h5 Rb8 16. hxg6 Nxb3+ 17. axb3 fxg6 {0-1 (24) Willockx,R (1961)-Callier,C (2051) Charleroi 2011}) 12... Ra7 (12... Bxh6 $1 $11 13. Qxh6 Nxc3) 13. h4 (13. Bxg7 $16 Kxg7 14. h4) 13... e6 ({Black should try} 13... Nxc3 $1 $14 14. bxc3 Qa5 15. Bxg7 Kxg7) 14. Bxg7 $16 Kxg7 15. h5 $36 {[%mdl 2048] Hoping for hxg6. White is in control.} Kg8 (15... g5 $16 {is a better defense.}) 16. Bxd5 $2 (16. Nh3 $18) 16... cxd5 $14 17. Nh3 Nd7 (17... Qf6 $14) 18. Ng5 {Black must now prevent hxg6.} Nf6 19. hxg6 fxg6 20. Rh6 Qd6 21. Rdh1 Rg7 {[#]} 22. Qe3 $1 a5 23. Qe5 Qb6 (23... Qb4 $142 24. a3 (24. Nxe6 Re7 $11) 24... Qb3) 24. Na4 $18 Qb4 (24... Qc7+ $142 25. Kb1 Qe7) 25. Nc5 (25. Nxe6 Re7 $17) 25... a4 26. a3 ({And not} 26. Ncxe6 Re7 $11) (26. Ngxe6 Bxe6 27. Nxe6 (27. Qxe6+ Rgf7 $11) 27... Re7 $15) 26... Qb5 27. Kb1 ({Not} 27. Ngxe6 Bxe6 28. Qxe6+ Rgf7 $14) 27... Nxg4 (27... Qe8 $142 28. Qh2 (28. Ngxe6 Bxe6 29. Qxe6+ Rgf7 $16) 28... Qe7 29. Nxa4 Re8) 28. fxg4 {Played: Qe5xg7} 1-0

[Event "UZB-ch Women 2019"]
[Site "Tashkent"]
[Date "2019.05.12"]
[Round "9.3"]
[White "Khusainova, Ozoda"]
[Black "Kurbonboeva, Sarvinoz"]
[Result "*"]
[WhiteElo "1674"]
[BlackElo "2297"]
[Annotator "TA"]
[PlyCount "31"]
[EventDate "2019.05.04"]
[EventType "tourn"]
[EventCountry "UZB"]
[SourceTitle "playchess.com"]
[Source "ChessBase"]
[SourceQuality "1"]

{[%evp 14,15,56,55]} 1. d4 Nf6 2. c4 g6 3. Nc3 Bg7 4. e4 d6 5. Be3 O-O 6. f3 c6 7. Qd2 a6 8. O-O-O {Predecessor:} Qa5 $146 9. h4 h5 10. Kb1 Nbd7 11. g4 b5 12. g5 Ne8 13. Nd5 Qd8 14. Nb4 Bb7 15. c5 a5 16. Nd3 {1-0 (54) Plazuelo Pascual,J (2429)-Van Wely,L (2650) Linares 2018} *

[Event "UZB-ch Women 2019"]
[Site "Tashkent"]
[Date "2019.05.12"]
[Round "9.4"]
[White "Gevorgyan, Irina"]
[Black "Abdusattorova, Bakhora"]
[Result "1/2-1/2"]
[WhiteElo "2315"]
[BlackElo "2094"]
[Annotator "TA"]
[PlyCount "74"]
[EventDate "2019.05.04"]
[EventType "tourn"]
[EventCountry "UZB"]
[SourceTitle "playchess.com"]
[Source "ChessBase"]
[SourceQuality "1"]

{[%evp 10,74,14,18,40,44,89,89,100,98,96,66,79,52,152,149,246,245,686,701,684,675,656,684,678,677,678,665,670,666,620,317,990,1004,971,861,939,859,969,963,981,974,959,275,294,0,954,0,271,0,944,0,285,0,950,0,250,0,925,-912,1504,260,533,526,1347,1350,1515]} 1. Nf3 d5 2. d4 Nf6 3. c4 e6 4. Nc3 Bb4 5. Qb3 c5 6. dxc5 Nc6 {D38: Queen's Gambit Declined: Ragozin Defence (4 Nf3 Bb4)} (6... Na6 7. a3 Bxc3+ 8. Qxc3 Nxc5 9. cxd5 Qxd5 10. Be3 Nce4 11. Qb4 a5 12. Qd4 O-O 13. Ne5 a4 14. Nd3 {0-1 (57) Navara,D (2739)-Vidit,S (2711) Prague 2019}) 7. Bg5 d4 {[%mdl 64] Pin} 8. O-O-O Qa5 $146 {White is better.} ({Predecessor:} 8... Bxc5 9. e3 h6 10. Bxf6 gxf6 11. Qb5 Bd7 12. exd4 Bd6 13. Qh5 Qa5 14. Qxa5 Nxa5 {1-0 (45) Thybo,J (2473)-Rishovd,S (2110) Ballerup 2018}) 9. Bxf6 gxf6 10. Ne4 {Threatens to win with e3.} f5 $1 {[%cal Rf5e4]} 11. Nd6+ Ke7 (11... Kf8 $1 $14) 12. e3 $1 $16 {[%cal Re3d4]} ({Not} 12. Nxd4 Nxd4 13. Rxd4 Bxc5 $15) 12... dxe3 (12... d3 $16 13. a3 (13. Rxd3 Rb8 $16) (13. Qxd3 Bxc5 14. Nxc8+ Raxc8 $16) (13. Bxd3 Rb8 $18) 13... d2+ 14. Kc2 Bxc5) 13. Qxe3 $18 Rg8 $2 (13... h6) 14. Nxf5+ Ke8 15. Nd6+ Ke7 16. Qf4 Rg7 17. Ne4 {Qd6+ would kill now.} ({Less strong is} 17. a3 Bxa3 18. Kb1 (18. bxa3 Qc3+ 19. Kb1 Qb3+ {[%mdl 64] Double Attack} 20. Kc1 Qc3+ 21. Kb1 Qb3+ {[%mdl 64] Double Attack} 22. Kc1 Qc3+ $11) 18... Bxc5 $14) 17... Bxc5 {If Black can now play ...Kf8 this consolidates a bit.} 18. Qh4+ Ke8 19. Nf6+ {[%mdl 64] Double Attack} Kf8 20. Qh6 Qxa2 $2 (20... Be7 21. Nxh7+ Kg8) 21. Nxh7+ Kg8 22. Nf6+ Kf8 23. Be2 Qa1+ 24. Kc2 Nb4+ 25. Kc3 {Threatening mate with Qh8+.} Qa5 26. Nh7+ $2 (26. Qh8+ Ke7 27. Qxg7 Nd5+ {[%mdl 64] Discovered Attack (Double check)} 28. Kd3 Nxf6 29. Ne5 Qd8+ 30. Kc3 $1 {[%mdl 512]} Bd4+ 31. Kc2) 26... Kg8 {Strongly threatening ...Nc6+.} 27. Nf6+ $2 (27. Rd8+ Qxd8 28. Nf6+ Qxf6+ 29. Qxf6) 27... Kf8 28. Nh7+ $2 (28. Qh8+ Ke7 29. Qxg7 Nd5+ {[%mdl 64] Discovered Attack (Double check)} 30. Kd3 Nxf6 31. Ne5 Qd8+ 32. Kc3 $1 {[%mdl 512]} Bd4+ 33. Kc2) 28... Kg8 $1 {And now ...Nc6+ would win.} 29. Nf6+ $2 (29. Rd8+ Qxd8 30. Nf6+ Qxf6+ 31. Qxf6) 29... Kf8 30. Nh7+ $2 (30. Qh8+ Ke7 31. Qxg7 Nd5+ {[%mdl 64] Discovered Attack (Double check)} 32. Kd3 Nxf6 33. Ne5 Qd8+ 34. Kc3 $1 {[%mdl 512]} Bd4+ 35. Kc2) 30... Kg8 $1 {aiming for ...Nc6+.} 31. Nf6+ $2 (31. Rd8+ Qxd8 32. Nf6+ Qxf6+ 33. Qxf6) 31... Kf8 32. Nh7+ $2 (32. Qh8+ Ke7 33. Qxg7 Nd5+ {[%mdl 64] Discovered Attack (Double check)} 34. Kd3 Nxf6 35. Ne5 Qd8+ 36. Kc3 $1 {[%mdl 512]} Bd4+ 37. Kc2) 32... Kg8 $1 {White must now prevent ...Nc6+.} 33. Nf6+ $2 (33. Rd8+ Qxd8 34. Nf6+ Qxf6+ 35. Qxf6) 33... Kf8 {intending ...Nd5+.} 34. Qxg7+ $4 {[%mdl 8192]} (34. Qh8+ $18 Ke7 35. Qxg7 Nd5+ {[%mdl 64] Discovered Attack (Double check)} 36. Kd3 Nxf6 37. Ne5 Qd8+ {[#]} 38. Kc3 $1 {[%mdl 512]} Bd4+ 39. Kc2) 34... Ke7 $4 {[%mdl 8192]} (34... Kxg7 $19 35. Ne4 Nc6+ 36. Kc2 e5) 35. Nd5+ $2 (35. Nh7 {[%csl Gh7][%cal Rg7f8]} Nd5+ {[%mdl 64] Discovered Attack (Double check)} 36. Kc2) 35... Nxd5+ $2 (35... exd5 {is a better defense.} 36. Bd3 Be6) 36. Kc2 Qa4+ 37. Kb1 Nc3+ {[%mdl 32768] Accuracy: White = 42%, Black = 49%. . An unexpected result.} 1/2-1/2

[Event "UZB-ch Women 2019"]
[Site "Tashkent"]
[Date "2019.05.12"]
[Round "9.5"]
[White "Omonova, Umida"]
[Black "Hamrakulova, Yulduz"]
[Result "1-0"]
[WhiteElo "2083"]
[BlackElo "2009"]
[Annotator "NA RC"]
[PlyCount "84"]
[EventDate "2019.05.04"]
[EventType "tourn"]
[EventCountry "UZB"]
[SourceTitle "playchess.com"]
[Source "ChessBase"]
[SourceQuality "1"]
[TimeControl "5400+30"]

1. e4 {[%emt 0:00:00]} e5 {[%emt 0:00:00]} 2. Bc4 {[%emt 0:00:59]} Nf6 {[%emt 0:00:16]} 3. d3 {[%emt 0:00:08]} Nc6 {[%emt 0:03:19]} 4. Nf3 {[%emt 0:01:01]} Bc5 {[%emt 0:14:05]} 5. O-O {[%emt 0:01:43]} d6 {[%emt 0:01:47]} 6. Nbd2 {C50: Hungarian Defence and Giuoco Pianissimo} (6. c3 a6 7. a4 h6 8. Nbd2 O-O 9. Re1 Re8 10. Nf1 Ba7 11. Ng3 Be6 12. Bxe6 Rxe6 13. b4 d5 14. Qb3 Qd7 15. h3 Rd8 {0-1 (76) Yu,Y (2751)-Harikrishna,P (2723) Shenzhen 2019}) 6... a6 {[%emt 0:04:45]} 7. a4 {[%emt 0:01:48]} O-O {[%emt 0:04:38]} 8. h3 {[%emt 0:01:02]} h6 {[%emt 0:05:18]} 9. Re1 {[%emt 0:00:44]} Re8 {[%emt 0:00:43]} 10. Nf1 {[%emt 0:00:11]} Be6 $146 {[%emt 0:07:03]} ({Predecessor:} 10... Ne7 11. Be3 Ba7 12. Bxa7 Rxa7 13. a5 {0-1 (36) Chekhani,A-Khosravi Mahmoei,H (1254) Batumi 2016}) 11. Bxe6 {[%emt 0:08:32]} Rxe6 {[%emt 0:00:23]} 12. c3 {[%emt 0:08:06]} Bb6 {[%emt 0:26:04]} 13. Qc2 {[%emt 0:05:54]} d5 {[%emt 0:04:26]} 14. Ne3 {[%emt 0:06:49]} Qd7 {[%emt 0:05:23]} 15. b4 {[%emt 0:30:30]} d4 {[%emt 0:05:54]} 16. Nc4 {[%emt 0:00:50]} dxc3 {[%emt 0:00:16]} 17. Nxb6 {[%emt 0:00:25]} cxb6 {[%emt 0:00:11]} 18. Qxc3 {[%emt 0:00:04]} Rc8 {[%emt 0:05:03]} 19. Qb3 {[%emt 0:06:54]} Qd6 {[%emt 0:05:42]} 20. Rb1 {[%emt 0:02:57]} b5 {[%emt 0:02:36]} 21. axb5 {[%emt 0:00:18]} axb5 {[%emt 0:00:02]} 22. Be3 {[%emt 0:00:21]} Qd7 {[%emt 0:02:19]} 23. Red1 {[%emt 0:01:06]} Nd4 {[%emt 0:00:22]} 24. Bxd4 {[%emt 0:00:21]} exd4 {[%emt 0:00:02]} 25. Rbc1 {[%emt 0:00:15]} Rd8 {[%emt 0:00:45]} 26. Rc2 {[%emt 0:00:40]} Ra6 {[%emt 0:00:35]} 27. Rdc1 {[%emt 0:00:34]} Qe6 {[%emt 0:00:26]} 28. Qb2 {[%emt 0:00:21]} Ra4 {[%emt 0:00:52]} 29. Nxd4 {[%emt 0:04:57]} Qd6 {[%emt 0:00:34]} 30. Rc8 {[%emt 0:02:54]} Kh7 {[%emt 0:00:31]} 31. Nf5 {[%emt 0:01:44]} Qxd3 {[%emt 0:00:18]} 32. Rxd8 {[%emt 0:00:03]} Qxd8 {[%emt 0:00:03]} 33. e5 {[%emt 0:00:07]} Nh5 {[%emt 0:00:55]} 34. Nd6 {[%emt 0:00:47]} Qd7 {[%emt 0:00:11]} 35. Qb1+ {[%emt 0:00:52]} g6 {[%emt 0:00:13]} 36. g4 {[%emt 0:00:03]} Nf4 {[%emt 0:00:11]} 37. Ne4 {[%emt 0:00:41]} Kg7 {[%emt 0:00:27]} 38. e6 {[%emt 0:01:35]} Nxe6 {[%emt 0:01:12]} 39. Rd1 {[%emt 0:00:08]} Qe7 {[%emt 0:00:42]} 40. Qb2+ {[%emt 0:00:25]} f6 {[%emt 0:00:54] [#]} 41. Nxf6 $1 {[%emt 0:00:28]} Rxb4 {[%emt 0:00:19] [#]} 42. Qe5 $18 {[%emt 0:00:14]} Qd8 1-0